Quick Pick: Jim Carrey Roles Quiz Stats

 Plays Quiz Updated Jul 17, 2018

Challenge
Share
Tweet
Embed
Score 0/8 Timer 01:00
0 Plays Today
% Correct
Dumb & Dumber
88.2%
Man on the Moon
82.3%
Batman Forever
71.7%
The Mask
70.6%
Liar Liar
70.4%
Kick-Ass 2
66%
Eternal Sunshine of the Spotless Mind
61%
Earth Girls Are Easy
58.8%

Today's Daily Dose

Missing Word
Hayao Miyazaki

Word Ladder
Florida

On This Day
December 13th II

You're not logged in!

Compare scores with friends on all Sporcle quizzes.
OR
Log In

You Might Also Like...

Show Comments

Extras

Top Quizzes Today


Score Distribution

Your Account Isn't Verified!

In order to create a playlist on Sporcle, you need to verify the email address you used during registration. Go to your Sporcle Settings to finish the process.

Report this User

Report this user for behavior that violates our Community Guidelines.

Details: